Aplikácia metodiky Six Sigma v procese nanášania lepidla IGBT modulov rodiny SEMiX3

Saved in:
Bibliographic Details
Main Author: Sýkorová, Janka (Author)
Other Authors: Lestyánszka Škůrková, Katarína (Thesis advisor)
Format: Manuscript Book
Language:Slovak
Published: 2016
Subjects:
Online Access:http://is.stuba.sk/zp/portal_zp.pl?podrobnosti=119067
Tags: Add Tag
No Tags, Be the first to tag this record!

MARC

LEADER 00000ntm a22000003a 4500
001 stuzp57840
003 SK-STU
005 20160719155359.2
007 ta
008 150427s2015----xo-----f-mn---000-0-slo-d
040 |a STU  |b slo 
041 0 |a slo 
100 1 |a Sýkorová, Janka  |u 064000  |k Z4  |4 aut  |U MTF Materiálovotechnologická fakulta  |T MTF Ústav priemyselného inžinierstva a manažmentu  |X 45926  |U M4000  |Y 84  |7 A000045926 
242 0 1 |a Application of Six Sigma method in the process of glue applying IGBT modules family SEMiX3  |y eng 
245 1 0 |a Aplikácia metodiky Six Sigma v procese nanášania lepidla IGBT modulov rodiny SEMiX3 
260 |c 2016 
650 4 |a Six Sigma  |2 slo 
650 4 |a DMAIC  |2 slo 
650 4 |a kvalita  |2 slo 
650 4 |a zlepšovanie procesov  |2 slo 
650 4 |a Six Sigma  |2 eng 
650 4 |a DMAIC  |2 eng 
650 4 |a quality  |2 eng 
650 4 |a process improvement  |2 eng 
700 1 |a Lestyánszka Škůrková, Katarína  |u 064000  |k Z1  |4 ths  |U MTF Materiálovotechnologická fakulta  |T MTF Ústav priemyselného inžinierstva a manažmentu  |X 61397  |U M4000  |Y 84  |7 61397 
856 4 |u http://is.stuba.sk/zp/portal_zp.pl?podrobnosti=119067 
996 |c M* DP-12913  |l MMSKP  |s P  |a 0  |w stuzp57840_0001 
SQL |a stuzp57840  |b DDP  |c SLO  |d Aplikácia metodiky Six Sigma v procese nanášania lepidla IGBT modulov rodiny SEMiX3  |e 45926  |f Sýkorová, Janka  |g 064000  |h 61397  |i Lestyánszka Škůrková, Katarína  |j 20160608  |k 183  |l 06  |m http://is.stuba.sk/zp/portal_zp.pl?podrobnosti=119067  |n I-IKP  |o 5.2.57. kvalita produkcie